| 000 | 00473nam a2200181Ia 4500 | ||
|---|---|---|---|
| 008 | 210719s2019 xx 000 0 und d | ||
| 020 | _a978-0-691-21742-0 | ||
| 041 | _aeng | ||
| 082 | _a330.122 QUIE | ||
| 100 | _aQUIGGIN (John) | ||
| 245 | _aEconomics in two lessons | ||
| 260 |
_aNew Jersey _bPrinceton University Press _c2019 |
||
| 300 |
_axii,390 _bHB |
||
| 365 |
_b699 _cRs |
||
| 650 | _aEconomics | ||
| 650 | _aEconomics | ||
| 906 | _aEconomics ; lessons ; two | ||
| 999 |
_c211879 _d211879 |
||